Most Valuable Turkish Football Players (Top50) - Statistics

General Stats
  • This quiz has been taken 58 times
    11 since last reset
  • The average score is 17 of 50
Answer Stats
Player % Correct
Arda Güler
100%
Kenan Yıldız
100%
Barış Alper Yılmaz
89%
Ferdi Kadıoğlu
89%
Hakan Çalhanoğlu
89%
Can Uzun
78%
Kerem Aktürkoğlu
78%
Merih Demiral
78%
Orkun Kökçü
78%
Yunus Akgün
78%
Altay Bayındır
67%
Yusuf Akçiçek
67%
Zeki Çelik
67%
Atakan Karazor
56%
Berke Özer
44%
Enes Ünal
44%
İsmail Yüksek
44%
Mert Müldür
44%
Semih Kılıçsoy
44%
Aral Şimşir
33%
Emirhan Topçu
33%
Mustafa Hekimoğlu
33%
Uğurcan Çakır
33%
Abdülkerim Bardakcı
22%
Ahmetcan Kaplan
22%
Başar Önal
22%
Demir Ege Tıknaz
22%
Deniz Gül
22%
Oğuz Aydın
22%
Rıdvan Yılmaz
22%
Arda Okan Kurtulan
11%
Bertuğ Yıldırım
11%
Cengiz Ünder
11%
Emin Bayram
11%
Eren Dinkçi
11%
Ozan Kabak
11%
Taha Altıkardeş
11%
Yasin Özcan
11%
Yiğit Efe Demir
11%
Yunus Emre Konak
11%
Yusuf Yazıcı
11%
Berkay Yılmaz
0%
Çağlar Söyüncü
0%
Doğucan Haspolat
0%
Eren Elmalı
0%
İsak Vural
0%
Levent Mercan
0%
Livan Burcu
0%
Mertcan Ayhan
0%
Yusuf Sarı
0%
No matching quizzes found
Score Distribution
Percent of People with Each Score
Percentile by Number Answered
Your Score History
You have not taken this quiz since the last reset